Oliver Anthony - Rich Men North of Richmond Lyrics - Statistics

General Stats
  • This quiz has been taken 29 times
  • The average score is 228 of 318
Answer Stats
Answer % Correct
a
95%
all
95%
for
95%
For
95%
I
95%
my
95%
So
95%
workin'
95%
be
90%
been
90%
day
90%
hours
90%
I've
90%
an
85%
and
85%
And
85%
me
85%
men
85%
no
85%
north
85%
of
85%
Overtime
85%
rich
85%
Richmond
85%
sellin'
85%
soul
85%
the
85%
to
85%
you
85%
bullshit
80%
is
80%
it
80%
out
80%
pay
80%
what
80%
away
75%
But
75%
but
75%
control
75%
damn
75%
do
75%
in
75%
It's
75%
it's
75%
know
75%
people
75%
shit
75%
they
75%
world
75%
your
75%
Cause
70%
'Cause
70%
dollar
70%
got
70%
here
70%
just
70%
like
70%
not
70%
on
70%
shame
70%
that
70%
think
70%
total
70%
wanna
70%
Wanna
70%
we
70%
ain't
65%
can
65%
don't
65%
have
65%
island
65%
Lord
65%
sit
65%
somewhere
65%
troubles
65%
world's
65%
life
60%
look
60%
minors
60%
new
60%
oh
60%
sellin'
60%
taxed
60%
true
60%
Wish
60%
wish
60%
back
55%
five
55%
foot
55%
gotten
55%
home
55%
knows
55%
Livin'
55%
These
55%
three
55%
up
55%
wake
55%
could
50%
drown
50%
eat
50%
end
50%
miners
50%
nothin'
50%
old
50%
politicians
50%
pounds
50%
street
50%
waste
50%
With
50%
folks
45%
if
45%
Taxes
45%
are
40%
Drag
40%
feet
40%
them
40%
this
40%
fudge
35%
keep
35%
ought
35%
rounds
35%
six
35%
would
35%
Young
35%
you're
35%
bags
30%
country
30%
does
30%
down
30%
God
30%
ground
30%
welfare
30%
kickin'
25%
milkin'
25%
obese
25%
puttin'
25%
themselves
25%
three hundred
10%
No matching quizzes found
Score Distribution
Percent of People with Each Score
Percentile by Number Answered
Your Score History
You have not taken this quiz